000 01137nam a2200289 a 4500
001 BRCA_3477
005 20190320204312.0
008 300409s1800----it-#---###---#000-0#ita-#
041 _aita
044 _ait
084 _a766
_b.R67
_c1800
100 1 _aRossi, Gaetano
_99059
245 1 0 _aDon Chisciotte della Mancia
_bDramma giocoso per musica in due atti
_cpoesia del Sig. Gaetano Rossi ; musica nuova del Sig. Pietro Generali.
300 _a1 v. (en varias paginaciones)
_c16 cm.
500 _aAdaptación operística de Pietro Generali, letra de Gaetano Rossi. Rústica Lúdovik Osterc
500 _aEstado físico : Tiene una perforación. Encuadernación maltratada
500 _aQMB74
546 _aTexto en : italiano
650 1 4 _aNovela española
_yÉpoca clásica, 1500-1700
_9215
650 1 4 _aLiteratura española
_yÉpoca clásica, 1500-1700
_9216
650 1 4 _aNovela española
_ySiglo XVII
_9217
650 1 4 _aDon Quijote (Personaje ficticio)
_eNovela
_9218
700 1 _aGenerali, Pietro
_d1773-1832
_eCoautor
_99060
740 0 _aEl Ingenioso Hidalgo Don Quijote de la Mancha
902 _aQFM
942 _2lcc
_cB
999 _c3213
_d3213